| 000 | 00453nam a22001577a 4500 | ||
|---|---|---|---|
| 003 | ASAB | ||
| 005 | 20180827062629.0 | ||
| 008 | 160421t xxu||||| |||| 00| 0 eng d | ||
| 040 | _cASAB | ||
| 082 | _a570.3 | ||
| 245 |
_aRabia dictionary of biology ( english to urdu ) _cby Rabia Research Center |
||
| 260 |
_aLahore, Pakistan _bRabia book House, Nadeem A. Sheikh _cN/A |
||
| 300 | _a376 p | ||
| 630 |
_aDictionary of Biology _94099 |
||
| 942 |
_2ddc _cBK |
||
| 999 |
_c480074 _d480074 |
||